AKÚTNE CIEVNE PRÍHODY (Analýza 445 prípadov)

Bibliographic Details
Main Authors: Hrnčiar, J. (Author), Hrnčiarová, Marta, 1942- (Author)
Format: Article
Language:Slovak

MARC

LEADER 00000nab a2200000ua 4500
001 vtls010781477
003 SK-MaSNL
005 20260305002134.0
008 230214s1960 xo |||||||||||||||||slo|
035 |a (urnnbn)urn:nbn:sk:snk:ar-a03ds8 
035 |a (uuid)de72d12b-9969-43ce-a17c-d075b446493f 
035 |a urn:nbn:sk:snk-ab58dl 
040 |a SNKBUCL  |b slo  |c SNKBUCL  |e AACR2 
041 0 |a slo 
044 |a xo  |c SK 
100 1 |a Hrnčiar, J.  |4 aut  |9 808024 
245 1 0 |a AKÚTNE CIEVNE PRÍHODY  |b (Analýza 445 prípadov)  |c J. Hrnčiar, M. Hrnčiarová 
700 1 |a Hrnčiarová, Marta,  |d 1942-  |4 aut  |9 260566 
773 0 |t Bratislavské lekárske listy  |g Roč. 40, č. 1 (1960), s. 3-15 
954 |a odborná, vedecká literatúra pôvodná (slovenská)  |2 lita 
958 |a OND 
958 |a EUIPO 
958 |a article3 
999 |c 3223967  |d 3225897